Essentials of Accounting for Governmental and Not-for-Profit Organizations
Guardado en:
| Autor principal: | |
|---|---|
| Otros Autores: | |
| Formato: | Libro |
| Lenguaje: | inglés |
| Publicado: |
Homewood
Irwin
1987
|
| Edición: | 1. ed. |
| Materias: | |
| Etiquetas: |
Sin Etiquetas, Sea el primero en etiquetar este registro!
|
MARC
| LEADER | 00000nam a2200000 4500 | ||
|---|---|---|---|
| 001 | c002588 | ||
| 005 | 20221219121037.3 | ||
| 020 | |a 0-256-03454-0 | ||
| 041 | 0 | |a eng | |
| 044 | |a US | ||
| 245 | 1 | 0 | |a Essentials of Accounting for Governmental and Not-for-Profit Organizations |c Leon E. Hay, John H. Engstrom |
| 250 | |a 1. ed. | ||
| 264 | 1 | |a Homewood |b Irwin |c 1987 | |
| 300 | |a 310 s. | ||
| 610 | 2 | 0 | |a účtovníctvo |
| 610 | 2 | 0 | |a podnik štátny |
| 610 | 2 | 0 | |a organizácie hospodárske |
| 610 | 2 | 0 | |a zisk podnikový |
| 610 | 2 | 0 | |a financie podnikové |
| 610 | 2 | 0 | |a účtovníctvo finančné |
| 610 | 2 | 0 | |a rozpočet podnikový |
| 610 | 2 | 0 | |a fondy podnikové |
| 610 | 2 | 0 | |a fondy základné |
| 610 | 2 | 0 | |a školy vysoké |
| 610 | 2 | 0 | |a univerzity |
| 610 | 2 | 0 | |a nemocnice |
| 610 | 2 | 0 | |a operácie účtovné |
| 610 | 2 | 0 | |a dlhy |
| 100 | 1 | |a Hay, Leon E. | |
| 700 | 1 | |a Engstrom, John H. | |